| 000 -LEADER |
| fixed length control field |
00706nam a2200205Ia 4500 |
| 001 - CONTROL NUMBER |
| control field |
1619 |
| 003 - CONTROL NUMBER IDENTIFIER |
| control field |
GE_BSU |
| 005 - DATE AND TIME OF LATEST TRANSACTION |
| control field |
20221114175223.0 |
| 008 - FIXED-LENGTH DATA ELEMENTS--GENERAL INFORMATION |
| fixed length control field |
181216s2006||||ru |||||||||||||| ||rus|| |
| 020 ## - INTERNATIONAL STANDARD BOOK NUMBER |
| International Standard Book Number |
5881110765x |
| 040 ## - CATALOGING SOURCE |
| Transcribing agency |
GE_BSU |
| 080 ## - UNIVERSAL DECIMAL CLASSIFICATION NUMBER |
| Universal Decimal Classification number |
69+624.014.04 С-86 |
| 245 ## - TITLE STATEMENT |
| Title |
Строительные нормы и правила : |
| Remainder of title |
Стальные конструкции. СН и П II-23-81/ |
| 250 ## - EDITION STATEMENT |
| Edition statement |
Издание официальное. |
| 264 ## - PRODUCTION, PUBLICATION, DISTRIBUTION, MANUFACTURE, AND COPYRIGHT NOTICE |
| Place of production, publication, distribution, manufacture |
М., |
| Date of production, publication, distribution, manufacture, or copyright notice |
2006. |
| 300 ## - PHYSICAL DESCRIPTION |
| Extent |
90 стр.; |
| Other physical details |
28 см. |
| 653 ## - INDEX TERM--UNCONTROLLED |
| keyword |
Стоительные нормы и правила. |
| 653 ## - INDEX TERM--UNCONTROLLED |
| keyword |
სამშენებლო წესები და ნორმები |
| 942 ## - ADDED ENTRY ELEMENTS (KOHA) |
| Koha item type |
წიგნი |
| Source of classification or shelving scheme |
|